000 00504nam a2200181Ia 4500
008 151121s9999||||xx |||||||||||||| ||und||
082 _a920/भट
082 _bHNW-35204
100 _aभट वा। वि।
245 _aस्मृतिविशेष
260 _c--
300 _a216
600 _aभट वा। वि।
630 _aस्मृतिविशेष
700 _aभट वा। वि।
730 _aस्मृतिविशेष
942 _cBOOK
999 _c1227881
_d1227878